Solar System Quiz - Statistics

General Stats
  • This quiz has been taken 985 times
  • The average score is 11 of 15
Answer Stats
% Correct
Smallest Planet in the Solar System Mercury
97%
Closest planet to Earth Venus
95%
Olympus Mons can be found on what planet Mars
93%
This planet has the most extreme axil tilt Uranus
88%
This planet has the fastest winds in the Solar System Neptune
86%
Home to the great white spot Saturn
83%
This planet is the densest in the Solar System Earth
79%
Only moon with an atmosphere Titan
74%
Largest moon in the Solar System Ganymede
68%
Most volcanically active moon Io
64%
How many planets have rings four
63%
The largest of the Martian moons Phobos
59%
Largest Storm in the Solar System Great Red Spot
54%
What is the name of the giant cloud of comets that surrounds the Solar System Oort Cloud
44%
most reflective body in the solar system Enceladus
23%
No matching quizzes found
Score Distribution
Percent of People with Each Score
Percentile by Number Answered
Your Score History
You have not taken this quiz